Fracasado.

Furkejuvvon:
Bibliográfalaš dieđut
Váldodahkki: Rocco, Claudio (autor)
Searvvušdahkki: Taller Sin Nombre (autor)
Materiálatiipa: Girji
Almmustuhtton: [Valparaíso, Chile]: Ariete Producciones, 2019.
Preanttus:Primera edición.
Fáttát:
Fáddágilkorat: Lasit fáddágilkoriid
Eai fáddágilkorat, Lasit vuosttaš fáddágilkora!

MARC

LEADER 00000nam a22000007a 4500
003 CL-VaPUC
005 20250321101942.0
008 250204t2019 ||||| |||| 00| 0 eng d
999 |c 447007  |d 447005 
040 |c Pontificia Universidad Católica de Valparaíso 
082 |a 741.5 ROC 2019 
100 |9 895288  |a Rocco, Claudio  |e autor 
245 |a Fracasado. 
250 |a Primera edición. 
260 |a [Valparaíso, Chile]:  |b Ariete Producciones,  |c 2019. 
300 |a sin numeración:  |b ilustraciones. 
500 |a c.1-c.2. Instituto Arcos.08-01-2025. 
583 |c 20250204  |k Gabriela Rodríguez Cuevas 
650 0 |9 369534  |a Cómics  |x Humor negro  |z Chile 
650 0 |9 882681  |a Historietas chilenas  
710 |9 896124  |a Taller Sin Nombre  |e autor 
942 |2 ddc  |c BK  |n 0 
952 |0 0  |1 0  |2 ddc  |4 0  |6 741_500000000000000_ROC_2019  |7 0  |8 A  |9 600404  |a BIBINC  |b BIBINC  |d 2025-02-04  |e Instituto Arcos  |i 5665315  |o 741.5 ROC 2019  |p 5665315  |r 2025-02-04  |t 1  |w 2025-02-04  |y BK  |k IFP 
952 |0 0  |1 0  |2 ddc  |4 0  |6 741_500000000000000_ROC_2019  |7 0  |8 A  |9 600405  |a BIBINC  |b BIBINC  |d 2025-02-04  |e Instituto Arcos  |i 5665316  |l 1  |o 741.5 ROC 2019  |p 5665316  |r 2025-04-15  |s 2025-04-14  |t 2  |w 2025-02-04  |y BK  |k IFP